书目信息 |
| 题名: |
发育和基因
|
|
| 作者: | 腰原英利 著 ;敖光明 译 | |
| 分册: | ||
| 出版信息: | 北京 科学出版社 1984 |
|
| 页数: | 136页 | |
| 开本: | 19cm | |
| 丛书名: | ||
| 单 册: | ||
| 中图分类: | Q344 , Q75 , Q34 | |
| 科图分类: | ||
| 主题词: | 发育遗传学 , 基因活动 , 遗传学--分类 | |
| 电子资源: | ||
| ISBN: | ||
| 000 | 00770nam0 2200301 45 | |
| 001 | 0184009398 | |
| 005 | 20040524165856.5 | |
| 010 | @dCNY0.72 | |
| 091 | @a13031.2668 | |
| 100 | @a19950720d1984 em y0chiy0121 ea | |
| 101 | 1 | @achi@cjpn |
| 102 | @aCN@b110000 | |
| 105 | @ay z 000yy | |
| 106 | @ar | |
| 200 | 10 | @a发育和基因@Afa yu he ji yin@f(日)腰原英利著@g敖光明译 |
| 210 | @a北京@c科学出版社@d1984 | |
| 215 | @a136页@d19cm | |
| 606 | @a发育遗传学 | |
| 606 | @a基因活动 | |
| 606 | 0 | @a遗传学@x分类 |
| 690 | @aQ344@v3 | |
| 690 | @aQ75@v3 | |
| 690 | @aQ34 | |
| 701 | 0 | @a腰原英利@Ayao yuan ying li@4著 |
| 702 | 0 | @a敖光明@Aao guang ming@4译 |
| 801 | 0 | @aCN@b上海图书馆@c20040524 |
| 801 | 2 | @aCN@bNLC@c20040524 |
| 905 | @f2@b122818-819@dQ34@e17 | |
| 发育和基因/(日)腰原英利著/敖光明译.-北京:科学出版社,1984 |
| 136页;19cm |
| ISBN :CNY0.72 |
| ● |
| 相关链接 |
|
|
|
|
正题名:发育和基因
索取号:Q34/17
 
预约/预借
| 序号 | 登录号 | 条形码 | 馆藏地/架位号 | 状态 | 备注 |
| 1 | 0122818 | 000624453 | 第三借阅区/ [索取号:Q34/17] | 在馆 | |
| 2 | 0122819 | 000624462 | 第三借阅区/ [索取号:Q34/17] | 在馆 | |
| 3 | 0122820 | 202104089 | 第二样本阅览室/ [索取号:Q34/17] | 在馆 |